| 000 | 00564nam a2200205Ia 4500 | ||
|---|---|---|---|
| 003 | OSt | ||
| 005 | 20230405095025.0 | ||
| 008 | 210423s2008 xx 000 0 und d | ||
| 020 | _a9781846841712 | ||
| 040 | _cAL | ||
| 041 | _aeng | ||
| 082 | _a701.17 BUCI | ||
| 100 |
_aBUCHANAN (Ian). _982967 |
||
| 245 | _aDeleuze and Guattaris anti oedipus: a readers guide. | ||
| 260 |
_aLondon _bContinuum International _c2008 |
||
| 300 |
_axii,168 _bPB |
||
| 365 |
_b175 _cINR |
||
| 906 | _aanti ; Deleuze ; guattaris ; guide. ; oedipus: ; readers | ||
| 942 |
_2ddc _cBK |
||
| 999 |
_c158063 _d158063 |
||